<?xml version="1.0" encoding="UTF-8"?>
<record
    xmlns:xsi="http://www.w3.org/2001/XMLSchema-instance"
    xsi:schemaLocation="http://www.loc.gov/MARC21/slim http://www.loc.gov/standards/marcxml/schema/MARC21slim.xsd"
    xmlns="http://www.loc.gov/MARC21/slim">

  <leader>00835nam a22002057a 4500</leader>
  <controlfield tag="003">OSt</controlfield>
  <controlfield tag="005">20240418124847.0</controlfield>
  <controlfield tag="007">ta</controlfield>
  <controlfield tag="008">240418b        |||||||| |||| 00| 0 sp  d</controlfield>
  <datafield tag="040" ind1=" " ind2=" ">
    <subfield code="c">CUSACQ</subfield>
  </datafield>
  <datafield tag="041" ind1=" " ind2=" ">
    <subfield code="a">spa</subfield>
    <subfield code="e">spa</subfield>
    <subfield code="h">spa</subfield>
  </datafield>
  <datafield tag="082" ind1=" " ind2=" ">
    <subfield code="a">04 T (08) 2022</subfield>
  </datafield>
  <datafield tag="100" ind1="1" ind2="0">
    <subfield code="a">Gir&#xF3;n Gir&#xF3;n, Lidia Esther. --</subfield>
    <subfield code="9">3295</subfield>
  </datafield>
  <datafield tag="245" ind1="1" ind2="0">
    <subfield code="a">Evaluaci&#xF3;n del rendimiento de dos h&#xED;bridos y dos variedades criollas de ma&#xED;z (Zea mays L.) realizado en la aldea las Canoas, San Andr&#xE9;s Sajcabaj&#xE1;, Quich&#xE9;. --</subfield>
    <subfield code="c">Lidia Esther Gir&#xF3;n Gir&#xF3;n. --</subfield>
  </datafield>
  <datafield tag="260" ind1=" " ind2=" ">
    <subfield code="a">Guatemala:</subfield>
    <subfield code="b">USAC-CUSACQ,</subfield>
    <subfield code="c">c2022.</subfield>
  </datafield>
  <datafield tag="300" ind1=" " ind2=" ">
    <subfield code="a">123 p.;</subfield>
    <subfield code="b">il.;</subfield>
    <subfield code="c">28 cm.</subfield>
  </datafield>
  <datafield tag="505" ind1=" " ind2=" ">
    <subfield code="u">https://drive.google.com/file/d/1v-cdab8pc2sHF_PZichXNQqiE-FDVvN2/view?usp=drive_link</subfield>
  </datafield>
  <datafield tag="856" ind1=" " ind2=" ">
    <subfield code="u">https://drive.google.com/file/d/1v-cdab8pc2sHF_PZichXNQqiE-FDVvN2/view?usp=drive_link</subfield>
  </datafield>
  <datafield tag="942" ind1=" " ind2=" ">
    <subfield code="2">ddc</subfield>
    <subfield code="c">EPS</subfield>
    <subfield code="n">0</subfield>
  </datafield>
  <datafield tag="999" ind1=" " ind2=" ">
    <subfield code="c">2580</subfield>
    <subfield code="d">2580</subfield>
  </datafield>
  <datafield tag="952" ind1=" " ind2=" ">
    <subfield code="0">0</subfield>
    <subfield code="1">0</subfield>
    <subfield code="2">ddc</subfield>
    <subfield code="4">0</subfield>
    <subfield code="7">0</subfield>
    <subfield code="8">NFIC</subfield>
    <subfield code="a">CUQ</subfield>
    <subfield code="b">CUQ</subfield>
    <subfield code="c">DISPLAY</subfield>
    <subfield code="d">2024-04-18</subfield>
    <subfield code="i">TIA-04-00008</subfield>
    <subfield code="l">0</subfield>
    <subfield code="o">04 T (08) 2022</subfield>
    <subfield code="p">5010092</subfield>
    <subfield code="r">2024-04-18 12:46:34</subfield>
    <subfield code="t">1</subfield>
    <subfield code="w">2024-04-18</subfield>
    <subfield code="y">EPS</subfield>
  </datafield>
</record>
